000 00300 a2200121 4500
001 86745
082 _a320.011 HAQ
090 _c40840
_d40840
100 _aIrshad Ahmed Haqqani
245 _aDeen-o-Siasat (Harf-e-Tammana)
_hUrdu
260 _aKarachi
_bFerozsons Private
_c2000
300 _a252p.
942 _aCAE NUST
_k320.011 HAQ
999 _c321818
_d321818